The art of golf design

The Art of Golf Design, by Michael Miller and Geoff Shackelford, is a stunning book. Miller is both a golf professional and landscape artist. Shackelford is both a golf historian and writer. Not surprisingly, both love the classic golf holes of the 1920s and ’30s. And that’s what this book is about...

Πλήρης περιγραφή

Αποθηκεύτηκε σε:
Λεπτομέρειες βιβλιογραφικής εγγραφής
Κύριος συγγραφέας: Miller, Michael G.
Μορφή: Βιβλίο
Γλώσσα:Undetermined
Έκδοση: Chelsea, MI Sleeping Bear Press 2001
Θέματα:
Ετικέτες: Προσθήκη ετικέτας
Δεν υπάρχουν, Καταχωρήστε ετικέτα πρώτοι!
Thư viện lưu trữ: Trung tâm Học liệu Trường Đại học Cần Thơ
LEADER 01003nam a2200217Ia 4500
001 CTU_165614
008 210402s9999 xx 000 0 und d
020 |c 7.98 
082 |a 712.5 
082 |b M649 
100 |a Miller, Michael G. 
245 4 |a The art of golf design 
245 0 |c golf landscapes by Michael G. Miller ; essays by Geoff Shackelford 
260 |a Chelsea, MI 
260 |b Sleeping Bear Press 
260 |c 2001 
520 |a The Art of Golf Design, by Michael Miller and Geoff Shackelford, is a stunning book. Miller is both a golf professional and landscape artist. Shackelford is both a golf historian and writer. Not surprisingly, both love the classic golf holes of the 1920s and ’30s. And that’s what this book is about 
650 |a Golf courses,Golf course architects,Sân golf,Kiến trúc sân golf 
650 |x Design and construction,Thiết kế và xây dựng 
910 |a Nguyên 
980 |a Trung tâm Học liệu Trường Đại học Cần Thơ